Better Than Revenge lyrics - Statistics

General Stats
  • This quiz has been taken 252 times
  • The average score is 425 of 487
Answer Stats
Lyrics % Correct
I
100%
the
100%
The
100%
a
99%
an
99%
and
99%
And,
99%
And
99%
go
98%
no
98%
think
98%
think,
98%
to
98%
what
98%
who
98%
you
98%
You
98%
in
97%
revenge
97%
She
97%
she
97%
Ha,
96%
than
96%
for
95%
it
95%
did
94%
there
94%
better
93%
do
93%
do,
93%
him
93%
him,
93%
not
93%
on
93%
on,
93%
She's
93%
she's
93%
when
93%
where
93%
actress
92%
hear
92%
so
92%
that
92%
could
91%
say
91%
summer
91%
faster
90%
had
90%
know
90%
sabotage
90%
saint
90%
stealing
90%
thing
90%
things
90%
took
90%
was
90%
about
89%
all
89%
does
89%
just
89%
applause
88%
corner
88%
is
88%
like
88%
mattress
88%
people
88%
should
88%
wanted
88%
hot
87%
known
87%
nothing
87%
playground
87%
right
87%
stand
87%
won't
87%
friends
86%
have
86%
other
86%
people's
86%
story
86%
from
85%
her
85%
little
85%
many
85%
me
85%
Now
85%
starts
85%
toys
85%
with
85%
along,
84%
came
84%
keep
84%
it's
83%
make
83%
mind,
83%
mind
83%
never
83%
I'm
82%
underestimated
82%
'cause
80%
'Cause
80%
coming,
80%
gonna
80%
let's
80%
Let's
80%
at
79%
at,
79%
But,
79%
But
79%
but
79%
dealing
79%
drum
79%
find
79%
got
79%
over
79%
saw
79%
get
78%
trend
78%
your
78%
beating
77%
Oh,
77%
alone
76%
name
76%
would
76%
list
75%
party
75%
wanna
75%
dresses
74%
ever
74%
looks
74%
of
74%
Soon
74%
thinks
73%
vintage
73%
dignity
72%
wear
72%
life
71%
or
71%
Or
71%
pain
71%
time
70%
amount
69%
another
69%
down
69%
honey
69%
psycho
69%
rhyme
69%
troubling
69%
up
69%
roll
68%
they
68%
don't
67%
eyes
67%
might
67%
school
66%
suspected
66%
teach
66%
you're
66%
didn't
64%
gives
64%
isn't
64%
prep
64%
pushing
64%
sophistication
64%
present
63%
doing?
62%
always
61%
haven't
61%
frown
60%
heard?
60%
last
60%
I'll
59%
feel
58%
much
58%
still
58%
are
53%
word
53%
how
52%
nor
45%
show
44%
some
44%
Come
43%
deserve
36%
See
26%
No matching quizzes found
Score Distribution
Percent of People with Each Score
Percentile by Number Answered
Your Score History
You have not taken this quiz